El duelo compra-venta (Record no. 64925)

MARC details
000 -LEADER
campo de control de longitud fija 00609nam a2200181 i 4500
001 - NÚMERO DE CONTROL
campo de control 64925
003 - IDENTIFICADOR DE NÚMERO DE CONTROL
campo de control ES-MaACL
005 - FECHA Y HORA DE LA ÚLTIMA TRANSACCIÓN
campo de control 20230906165245.0
007 - CAMPO FIJO DE DESCRIPCIÓN FÍSICA--INFORMACIÓN GENERAL
campo de control de longitud fija t|
008 - DATOS DE LONGITUD FIJA--INFORMACIÓN GENERAL
campo de control de longitud fija 040107s1961 sp ||||1| spa d
100 1# - ENTRADA PRINCIPAL--NOMBRE DE PERSONA
Nombre de persona Fournials, Gaston.
9 (RLIN) 51968
245 13 - MENCIÓN DEL TÍTULO
Título El duelo compra-venta
Resto del título : el arte comprar y el arte de vender /
Mención de responsabilidad, etc. por Gaston Fournials, Marcel Chapotin ; [traducción por Francisco Payarols].
260 ## - PUBLICACIÓN, DISTRIBUCIÓN, ETC.
Lugar de publicación, distribución, etc. Barcelona :
Nombre del editor, distribuidor, etc. Omega,
Fecha de publicación, distribución, etc. [1961]
300 ## - DESCRIPCIÓN FÍSICA
Extensión 192 p. :
Otras características físicas il. ;
Dimensiones 23 cm.
700 1# - ENTRADA AGREGADA--NOMBRE PERSONAL
Nombre de persona Chapotin, Marcel.
9 (RLIN) 38039
700 1# - ENTRADA AGREGADA--NOMBRE PERSONAL
Nombre de persona Payarols, Francisco.
9 (RLIN) 89715
852 ## - LOCALIZACIÓN
Ubicación ES-MaACL
Número de control de estantería C-21523
Sublocalización o colección R.49762
Holdings
Estatus retirado Estado de pérdida Estado de daño No para préstamo Biblioteca de origen Biblioteca actual Ubicación en estantería Fecha de adquisición Fuente de adquisición Total de préstamos Signatura topográfica completa Código de barras Visto por última vez Precio de reemplazo Tipo de ítem Koha
        Biblioteca del Ateneo de Madrid Biblioteca del Ateneo de Madrid Galería 17/01/2008     C-21523 1068028 23/02/2023 23/02/2023 Libro impreso